The Influence of sections and periods on economic voting in American presidential elections: 1828-1984
Spremljeno u:
| Glavni autor: | |
|---|---|
| Autor kompanije: | |
| Format: | Tekst |
| Izdano: |
s.l:
Butterworth & Co
|
| Teme: | |
| Oznake: |
Dodaj oznaku
Bez oznaka, Budi prvi tko označuje ovaj zapis!
|
MARC
| LEADER | 00000 a a2200000 04500 | ||
|---|---|---|---|
| 001 | 32883 | ||
| 003 | |||
| 040 | |||
| 090 | |a 205300 | ||
| 100 | |a Wade, Larry L. | ||
| 110 | |a University of California | ||
| 245 | |a The Influence of sections and periods on economic voting in American presidential elections: 1828-1984 | ||
| 260 | |a s.l: |b Butterworth & Co | ||
| 300 | |a pp. 271-288 | ||
| 500 | |a Publicado en: Political Geography Quarterly, vol 8 n° July 1989 | ||
| 650 | |a COMPORTAMIENTO POLITICO | ||
| 650 | |a GEOGRAFIA POLITICA | ||
| 650 | |a ELECCIONES | ||
| 650 | |a VOTACION | ||
| 650 | |a ANALISIS ESTADISTICO | ||
| 650 | |a ESTADOS UNIDOS | ||
| 999 | |c 6196 |d 6196 | ||
